Muestranos tus alas / (Record no. 25306)
[ view plain ]
| 000 -LEADER | |
|---|---|
| fixed length control field | 00810cam a2200277 a 4500 |
| 001 - CONTROL NUMBER | |
| control field | 55955587 |
| 003 - CONTROL NUMBER IDENTIFIER | |
| control field | OCoLC |
| 005 - DATE AND TIME OF LATEST TRANSACTION | |
| control field | 20210223151128.0 |
| 008 - FIXED-LENGTH DATA ELEMENTS--GENERAL INFORMATION | |
| fixed length control field | 040706s2005 mnua j 001 0 spa |
| 010 ## - LIBRARY OF CONGRESS CONTROL NUMBER | |
| LC control number | 2004052987 |
| 020 ## - INTERNATIONAL STANDARD BOOK NUMBER | |
| International Standard Book Number | 0736841652 : |
| Terms of availability | $16.95 |
| 020 ## - INTERNATIONAL STANDARD BOOK NUMBER | |
| International Standard Book Number | 9780736841658 |
| 040 ## - CATALOGING SOURCE | |
| Original cataloging agency | DLC |
| Transcribing agency | DLC |
| Modifying agency | COB |
| 041 1# - LANGUAGE CODE | |
| Language code of text/sound track or separate title | spa |
| Language code of original | eng |
| 099 ## - LOCAL FREE-TEXT CALL NUMBER (OCLC) | |
| Feature heading | SPA J1 |
| Classification number | 591.479 |
| 100 1# - MAIN ENTRY--PERSONAL NAME | |
| Personal name | Ring, Susan. |
| 240 10 - UNIFORM TITLE | |
| Uniform title | <a href="Show us your wings.">Show us your wings.</a> |
| Language of a work | Spanish. |
| 245 10 - TITLE STATEMENT | |
| Title | Muestranos tus alas / |
| Statement of responsibility, etc. | por Susan Ring. |
| 260 ## - PUBLICATION, DISTRIBUTION, ETC. (IMPRINT) | |
| Place of publication, distribution, etc. | Mankato, Minn. : |
| Name of publisher, distributor, etc. | Yellow Umbrella Books, |
| Date of publication, distribution, etc. | c2005. |
| 300 ## - PHYSICAL DESCRIPTION | |
| Extent | 17 p. : |
| Other physical details | col. ill. ; |
| Dimensions | 21 cm. |
| 440 #0 - SERIES STATEMENT/ADDED ENTRY--TITLE | |
| Title | Yellow Umbrella Books. |
| Name of part/section of a work | Science. |
| -- | Spanish. |
| 500 ## - GENERAL NOTE | |
| General note | Includes index. |
| 650 #0 - SUBJECT ADDED ENTRY--TOPICAL TERM | |
| Topical term or geographic name as entry element | Wings (Anatomy) |
| Form subdivision | Juvenile literature. |
| 650 #0 - SUBJECT ADDED ENTRY--TOPICAL TERM | |
| Topical term or geographic name as entry element | Spanish language materials. |
| 942 ## - ADDED ENTRY ELEMENTS (KOHA) | |
| Koha item type | Libro/Book |
| Source of classification or shelving scheme | Dewey Decimal Classification |
| Withdrawn status | Lost status | Damaged status | Not for loan | Home library | Current library | Date acquired | Inventory number | Total Checkouts | Barcode | Date last seen | Date checked out | Price effective from | Koha item type |
|---|---|---|---|---|---|---|---|---|---|---|---|---|---|
| Capulin -- Satellite | Capulin -- Satellite | 18/04/2014 | Inventory date: 7/7/25 | 8 | 35100323 | 22/11/2022 | 25/05/2021 | 18/04/2014 | Libro/Book | ||||
| Zaragoza -- Satellite | Zaragoza -- Satellite | 09/05/2014 | 2 | 35500856 | 03/06/2014 | 22/05/2014 | 09/05/2014 | Libro/Book |